Biocatalysts in biomass to bioproducts (Record no. 92021)

MARC details
000 -LEADER
fixed length control field a
005 - DATE AND TIME OF LATEST TRANSACTION
control field 20190628110411.0
008 - FIXED-LENGTH DATA ELEMENTS--GENERAL INFORMATION
fixed length control field 190612b ||||| |||| 00| 0 eng d
020 ## - INTERNATIONAL STANDARD BOOK NUMBER
International Standard Book Number 9789351248316
080 ## - UNIVERSAL DECIMAL CLASSIFICATION NUMBER
Universal Decimal Classification number 620.925
Item number RAM
245 ## - TITLE STATEMENT
Title Biocatalysts in biomass to bioproducts
260 ## - PUBLICATION, DISTRIBUTION, ETC. (IMPRINT)
Name of publisher, distributor, etc Daya
Date of publication, distribution, etc 2017
Place of publication, distribution, etc New Delhi
300 ## - PHYSICAL DESCRIPTION
Extent 264p.
653 ## - INDEX TERM--UNCONTROLLED
Uncontrolled term Biocatalysts
653 ## - INDEX TERM--UNCONTROLLED
Uncontrolled term Biomass
653 ## - INDEX TERM--UNCONTROLLED
Uncontrolled term Bioproducts
700 ## - ADDED ENTRY--PERSONAL NAME
Personal name Ramasamy, K., Ed. by
700 ## - ADDED ENTRY--PERSONAL NAME
Personal name Karthikeyan, S., Ed by.
700 ## - ADDED ENTRY--PERSONAL NAME
Personal name Sivakumar, U., Ed. by
942 ## - ADDED ENTRY ELEMENTS (KOHA)
item type Books
Holdings
Lost status Source of classification or shelving scheme Not for loan Home library Current library Date acquired Cost, normal purchase price Total Checkouts Full call number Barcode Date last seen Cost, replacement price Price effective from Koha item type
  Universal Decimal Classification   University Library University Library 28/02/2018 0.00   620.925 00080690 28/02/2018 0.00 28/02/2018 Books
University Library, CUSAT